Средства управления режимами энергосистем на базе силовой полупроводниковой техники / ДО 2017: электронный курс
| Autor Principal: | |
|---|---|
| Autor Corporativo: | |
| Summary: | Заглавие с экрана Целями освоения дисциплины является формирование у обучающихся определенного состава компетенций (результатов освоения) для подготовки к профессиональной деятельности. Дисциплина «Средства управления режимами энергосистем на базе силовой полупроводниковой техники» относится к блоку 1 Дисциплины учебного плана ООП: вариативная часть, вариативный междисциплинарный профессиональный модуль. Доступ по логину и паролю |
| Idioma: | ruso |
| Publicado: |
Томск, TPU Moodle, 2018
|
| Subjects: | |
| Acceso en liña: | https://design.lms.tpu.ru/course/view.php?id=2523 |
| Formato: | MixedMaterials Electrónico Libro |
| KOHA link: | https://koha.lib.tpu.ru/cgi-bin/koha/opac-detail.pl?biblionumber=658475 |
MARC
| LEADER | 00000nlm0a2200000 4500 | ||
|---|---|---|---|
| 001 | 658475 | ||
| 005 | 20231221091333.0 | ||
| 035 | |a (RuTPU)RU\TPU\network\26368 | ||
| 090 | |a 658475 | ||
| 100 | |a 20181017d2018 m y0rusy50 ca | ||
| 101 | 0 | |a rus | |
| 102 | |a RU | ||
| 105 | |a a j 000zy | ||
| 135 | |a jrcn ---uucaa | ||
| 181 | 0 | |a i | |
| 182 | 0 | |a b | |
| 200 | 1 | |a Средства управления режимами энергосистем на базе силовой полупроводниковой техники / ДО 2017 |e электронный курс |f А. С. Васильев |g Национальный исследовательский Томский политехнический университет, Инженерная школа энергетики, Отделение электроэнергетики и электротехники (ОЭЭ) | |
| 203 | |a Текст |c электронный | ||
| 210 | |a Томск |c TPU Moodle |d 2018 | ||
| 300 | |a Заглавие с экрана | ||
| 330 | |a Целями освоения дисциплины является формирование у обучающихся определенного состава компетенций (результатов освоения) для подготовки к профессиональной деятельности. Дисциплина «Средства управления режимами энергосистем на базе силовой полупроводниковой техники» относится к блоку 1 Дисциплины учебного плана ООП: вариативная часть, вариативный междисциплинарный профессиональный модуль. | ||
| 333 | |a Доступ по логину и паролю | ||
| 606 | 1 | |a Электроэнергетические системы |x Режимы работы |2 stltpush |3 (RuTPU)RU\TPU\subj\21054 |9 46102 | |
| 610 | 1 | |a электронный ресурс | |
| 610 | 1 | |a труды учёных ТПУ | |
| 610 | 1 | |a электронные учебные пособия | |
| 610 | 1 | |a учебные пособия | |
| 610 | 1 | |a Moodle | |
| 610 | 1 | |a e-learning | |
| 610 | 1 | |a энергосистемы | |
| 610 | 1 | |a технологическое обеспечение | |
| 610 | 1 | |a методическое обеспечение | |
| 610 | 1 | |a регулирование | |
| 610 | 1 | |a напряжение | |
| 610 | 1 | |a реактивная мощность | |
| 610 | 1 | |a продольная компенсация | |
| 610 | 1 | |a комбинированные устройства | |
| 610 | 1 | |a передача энергии | |
| 675 | |a 621.311.004.13 |v 4 | ||
| 700 | 1 | |a Васильев |b А. С. |c специалист в области электроэнергетики |c доцент Томского политехнического университета, кандидат технических наук |f 1986- |g Алексей Сергеевич |3 (RuTPU)RU\TPU\pers\30301 |9 14647 | |
| 712 | 0 | 2 | |a Национальный исследовательский Томский политехнический университет |b Инженерная школа энергетики |b Отделение электроэнергетики и электротехники (ОЭЭ) |3 (RuTPU)RU\TPU\col\23505 |
| 801 | 2 | |a RU |b 63413507 |c 20211111 |g RCR | |
| 856 | 4 | |u https://design.lms.tpu.ru/course/view.php?id=2523 | |
| 942 | |c CF | ||